Význam tretieho centrálneho momentu pri analýze rizika bakalárska práca

Na minha lista:
Detalhes bibliográficos
Autor principal: Hrabovský, Peter
Autor Corporativo: Fakulta hospodárskej informatiky EU. Katedra matematiky
Outros Autores: Horáková, Galina
Formato: Livro
Idioma:eslovaco
Publicado em: Bratislava 2012
Tags: Adicionar Tag
Sem tags, seja o primeiro a adicionar uma tag!

MARC

LEADER 00000nbm a2200000 4500
001 0159255
005 20161109112010.3
041 0 |a slo 
044 |a SK 
245 1 0 |a Význam tretieho centrálneho momentu pri analýze rizika  |b bakalárska práca  |c Peter Hrabovský ; školiteľ: Galina Horáková 
264 1 |a Bratislava  |c 2012 
300 |a 38 s. 
100 1 |a Hrabovský, Peter 
700 1 |a Horáková, Galina 
710 2 |a Fakulta hospodárskej informatiky EU. Katedra matematiky